Vista normal
Vista MARC
Entrada Personal Name
Número de registros utilizados en: 1
001 - CONTROL NUMBER
- control field: 16322
003 - CONTROL NUMBER IDENTIFIER
- control field: DLC
005 - DATE AND TIME OF LATEST TRANSACTION
- control field: 20241014115248.0
008 - FIXED-LENGTH DATA ELEMENTS
- fixed length control field: 010115n| azannaabn |a aaa c
010 ## - LIBRARY OF CONGRESS CONTROL NUMBER
- LC control number: nr2001001442
035 ## - SYSTEM CONTROL NUMBER
- System control number: (OCoLC)oca05395149
035 ## - SYSTEM CONTROL NUMBER
- System control number: (CaEvSKY)skya6003614
040 ## - CATALOGING SOURCE
- Original cataloging agency: CaQMCCA
- Language of cataloging: spa
- Description conventions: rda
- Transcribing agency: Mx-PuUPA
- Modifying agency: NNC
- Modifying agency: MX-SlUA
- Modifying agency: Mx-PuUPA
046 ## - SPECIAL CODED DATES
- Birth date: 1947
- Source of date scheme: edtf
100 1# - HEADING--PERSONAL NAME
- Personal name: Monedero Isorna, Javier,
370 ## - ASSOCIATED PLACE
- Place of birth: Bilbao, Spain
373 ## - ASSOCIATED GROUP
- Associated group: Escuela Técnica Superior de Arquitectura de Barcelona
- Source of term: naf
374 ## - OCCUPATION
- Occupation: Arquitecto
- Occupation: Profesor univesitario
- Occupation: Autor
- Source of term: lcsh
375 ## - GENDER
- Gender: hombre
- Source of term: lcdgt
377 ## - ASSOCIATED LANGUAGE
- Language code: spa
400 1# - SEE FROM TRACING--PERSONAL NAME
- Personal name: Isorna, Javier Monedero
400 1# - SEE FROM TRACING--PERSONAL NAME
- Personal name: Monedero, Javier
670 ## - SOURCE DATA FOUND
- Source citation: Aplicaciones informáticas en arquitectura, 1999:
- Information found: t.p. (Javier Monedero Isorna) dust jkt. (b. in Bilbao; 1972-1975, worked as an architect in London; since 1976, professor at the Escola Tècnica Superior d'Arquitectura de Barcelona)
670 ## - SOURCE DATA FOUND
- Source citation: Simulación visual de materiales : teoría, técnicas, análisis de casos, 2015:
- Information found: title page (Javier Monedero) back cover (Javier Monedero born in Bilbao 1947)